study on pricess of formal land transaction in sangkat veal sbov khan chbar ompov phnom penh សិក្សារពីដំណើរការនៃការផ្ទេរសិទ្ធលើអចលនវត្ថុជាលក្ខណះផ្លូវការនៅក្នុងសង្កាត់វាលស្បូវ ខណ្ឌច្បារអំពៅ រាជធានីភ្នំពេញ (Record no. 18484)

000 -LEADER
fixed length control field 00814nam a22001577a 4500
003 - CONTROL NUMBER IDENTIFIER
control field LRUA
005 - DATE AND TIME OF LATEST TRANSACTION
control field 20191209144156.0
008 - FIXED-LENGTH DATA ELEMENTS--GENERAL INFORMATION
fixed length control field 191209b xxu||||| |||| 00| 0 eng d
040 ## - CATALOGING SOURCE
Transcribing agency RUA
082 ## - DEWEY DECIMAL CLASSIFICATION NUMBER
Classification number LMA KEO 2017 B652 or.1
100 ## - MAIN ENTRY--PERSONAL NAME
9 (RLIN) 14038
Personal name KEO SOPHEAK កែវ សុភក្រ័
245 ## - TITLE STATEMENT
Title study on pricess of formal land transaction in sangkat veal sbov khan chbar ompov phnom penh សិក្សារពីដំណើរការនៃការផ្ទេរសិទ្ធលើអចលនវត្ថុជាលក្ខណះផ្លូវការនៅក្នុងសង្កាត់វាលស្បូវ ខណ្ឌច្បារអំពៅ រាជធានីភ្នំពេញ
260 ## - PUBLICATION, DISTRIBUTION, ETC. (IMPRINT)
Place of publication, distribution, etc. RUA
Name of publisher, distributor, etc. Phnom penh
Date of publication, distribution, etc. 2017
300 ## - PHYSICAL DESCRIPTION
Extent xi;41p
Other physical details ill;
Dimensions 29cm
942 ## - ADDED ENTRY ELEMENTS (KOHA)
Source of classification or shelving scheme
Koha item type LMA
Holdings
Price effective from Date last seen Permanent Location Not for loan Date acquired Source of classification or shelving scheme Koha item type Lost status Withdrawn status Date last checked out Total Checkouts Shelving location Damaged status Barcode Current Location Full call number
2019-12-092022-07-19Library Block B 2019-12-09 LMA  2022-05-241B652 A42562Library Block BLMA KEO 2017 B652 or.1
2019-12-092021-03-02Library Block B 2019-12-09 LMA  2021-02-223B652 A42867Library Block BLMA KEO 2017 B652 or.2
2019-12-092019-12-09Library Block B 2019-12-09 LMA    B652 43071Library Block BLMA KEO 2017 B652 or.3
2019-12-092019-12-09Library Block B 2019-12-09 LMA    B652 A42996Library Block BLMA KEO 2017 B652 or.4
2019-12-092025-06-06Library Block B 2019-12-09 LMA  2025-04-251B652 A42251Library Block BLMA KEO 2017 B652 or.5
2019-12-092019-12-09Library Block B 2019-12-09 LMA    B652 A42921Library Block BLMA KEO 2017 B652 or.6
មជ្ឈមណ្ឌលឯការនៃសាកលវិទ្យាល័យភូមិន្ទកសិកម្មចំការដូង

Powered by Koha